Tacticas contra el tedio (Registro nro. 35523)

Detalles MARC
000 -CABECERA
Longitud fija campo de control 00827nam a2200265 a 4500
003 - • IDENTIFICADOR DELl NÚMERO DE CONTROL
Identificador del número de control CO-ViMGA
005 - • FECHA Y HORA DE LA ÚLTIMA TRANSACCIÓN
Fecha y hora de la última transacción 20230915233132.0
008 - • CÓDIGOS DE INFORMACIÓN DE LONGITUD FIJA
Códigos de información de longitud fija 040310s2008 ck gr 000 fdspa d
020 ## - • NÚMERO INTERNACIONAL NORMALIZADO PARA LIBROS
Número Internacional Normalizado para Libros (ISBN) 9789588293417
040 ## - FUENTE DE LA CATALOGACIÓN
Centro catalogador de origen CO-ViMGA
Lengua de catalogación spa
Centro transcriptor CO-ViMGA
043 ## - CÓDIGO DE ÁREA GEOGRÁFICA
Código de área geográfica s-ck---
100 10 - • PUNTO DE ACCESO PRINCIPAL-NOMBRE DE PERSONA
Nombre de persona Bernal, Mauricio
Fechas asociadas al nombre 1973-
245 10 - • TITULO PROPIAMENTE DICHO
Título Tacticas contra el tedio
Mención de responsabilidad, etc. Mauricio Bernal
250 ## - • MENCIÓN DE EDICIÓN
Mención de edición 1a. ed.
300 ## - • DESCRIPCIÓN FÍSICA
Extensión 287 pg̀inas
Dimensiones 21 cm.
490 ## - • MENCIÓN DE SERIE
Mención de serie Coleccion turquesa. Narrativa
490 ## - • MENCIÓN DE SERIE
Mención de serie Villegas. Novela
650 14 - • PUNTO DE ACCESO ADICIONAL DE MATERIA - TÉRMINO DE MATERIA
Término de materia o nombre geográfico como elemento inicial Literatura colombiana
Fuente del encabezamiento o término LEMB
Subdivisión cronológica Siglo XX
650 14 - • PUNTO DE ACCESO ADICIONAL DE MATERIA - TÉRMINO DE MATERIA
Término de materia o nombre geográfico como elemento inicial Novela colombiana
Fuente del encabezamiento o término LEMB
Subdivisión cronológica Siglo XX
650 14 - • PUNTO DE ACCESO ADICIONAL DE MATERIA - TÉRMINO DE MATERIA
Término de materia o nombre geográfico como elemento inicial Periodistas colombianos
Subdivisión de forma Novela
Fuente del encabezamiento o término LEMB
650 14 - • PUNTO DE ACCESO ADICIONAL DE MATERIA - TÉRMINO DE MATERIA
Término de materia o nombre geográfico como elemento inicial Soledad en la literatura
Fuente del encabezamiento o término LEMB
942 ## - ENTRADA DE ELEMENTOS AGREGADOS (KOHA)
Fuente de clasificaión o esquema Dewey Decimal Classification
Koha [por defecto] tipo de item LIbro
Existencias
Perdido Fuente de clasificación o esquema Estado Físico No para préstamo Forma de adquisición Localización permanente Localización actual Fecha adquisición Préstamos totales Signatura completa Código de barras Fecha última consulta Número de copia Fecha del precio de reemplazo Tipo de item de Koha Localización en estanterías Note pública Número de registro
  Dewey Decimal Classification     Colección General Biblioteca Pública Lejanias Biblioteca Pública Lejanias 02/05/2026     LEJ02151 02/05/2026 Ej.1 02/05/2026 LIbro General    
  Dewey Decimal Classification     Colección General Biblioteca Pública Puerto Lleras Biblioteca Pública Puerto Lleras 02/07/2025   N BERT PLL01944 02/07/2025 Ej.1 02/07/2025 Libro Literatura Literatura    
  Dewey Decimal Classification     Colección General Biblioteca Pública San Carlos de Guaroa - Eduardo Carranza Biblioteca Pública San Carlos de Guaroa - Eduardo Carranza 04/04/2024   N BER SG01598 04/04/2024 Ej.1 04/04/2024 LIbro Literatura    
  Dewey Decimal Classification     Colección General Biblioteca Pública El Castillo - Alfonso Meneses Biblioteca Pública El Castillo - Alfonso Meneses 07/11/2025   N BERT EC01975 07/11/2025 Ej.1 07/11/2025 LIbro Literatura    
        Literatura General Biblioteca Pública Departamental Eduardo Carranza - Villavicencio Biblioteca Pública Departamental Eduardo Carranza - Villavicencio 03/09/2016   N BER15t ECA10420 11/26/2024 Ej.1 11/26/2024 LIbro Literatura 18672 | 23840  
  Dewey Decimal Classification     Sala General Segundo Piso Biblioteca Pública Germán Arciniegas - Villavicencio Biblioteca Pública Germán Arciniegas - Villavicencio 05/24/2016   N BERT 30077 10/28/2022 Ej. 1 05/24/2016 LIbro      
  Dewey Decimal Classification     Colección General Biblioteca Pública La Macarena Biblioteca Pública La Macarena 01/16/2024   N BERT LM00719 01/16/2024 Ej.1 01/16/2024 LIbro Literatura    
  Dewey Decimal Classification       Biblioteca Pública Mesetas - Franco lodo Poloxi Biblioteca Pública Mesetas - Franco lodo Poloxi 10/18/2024   N BERT 9789588293417 10/18/2024 Ej.1 10/18/2024 LIbro      
  Dewey Decimal Classification       Biblioteca Pública Vistahermosa Biblioteca Pública Vistahermosa 05/23/2025     VIST 0002195 05/23/2025 Ej.1 05/23/2025 LIbro     N BERT EJ1









Instituto Departamental de Cultura del Meta - Red Departamental de Bibliotecas Públicas del Meta.